LEADER 01345nam--2200385---450- 001 990003377260203316 005 20100309103627.0 010 $a978-88-8422-672-3 035 $a000337726 035 $aUSA01000337726 035 $a(ALEPH)000337726USA01 035 $a000337726 100 $a20100309d2008----km-y0itay50------ba 101 $aita 102 $aIT 105 $a||||||||001yy 200 1 $aSviluppo demografico ed economico nel mediterraneo$fa cura di Luigi Di Comite, Oscar Garavello, Francesca Galizia 210 $aBari$cCacucci$d2008 215 $a459 p.$d24 cm 225 2 $aDipartimento per lo studio delle società mediterranee$iQuaderni$v35 410 0$12001$aDipartimento per lo studio delle società mediterranee$iQuaderni$v, 35 606 0 $aSviluppo economico$xEffetti [del] Movimento della popolazione$yMare mediterraneo$2BNCF 676 $a338.91638 701 1$aGARAVELLO,$bOscar$0102829 702 1$aDI COMITE,$bLuigi 702 1$aGALIZIA,$bFrancesco 801 0$aIT$bsalbc$gISBD 912 $a990003377260203316 951 $a338.916 SVI 1$b16596 E.C.$c338.91638$d00256438 959 $aBK 969 $aECO 979 $aCHIARA$b90$c20100309$lUSA01$h1029 979 $aCHIARA$b90$c20100309$lUSA01$h1036 996 $aSviluppo demografico ed economico nel mediterraneo$91122982 997 $aUNISA LEADER 01652oam 2200445 a 450 001 9910701368603321 005 20141125164944.0 035 $a(CKB)5470000002417380 035 $a(OCoLC)794596428$z(OCoLC)822263774 035 $a(EXLCZ)995470000002417380 100 $a20120601d2012 ua 0 101 0 $aeng 135 $aurmn||||||||| 181 $ctxt$2rdacontent 182 $cc$2rdamedia 183 $acr$2rdacarrier 200 10$aModeling wind adjustment factor and midflame wind speed for Rothermel's surface fire spread model /$fPatricia L. Andrews 210 1$aFort Collins, CO :$cU.S. Dept. of Agriculture, Forest Service, Rocky Mountain Research Station,$d[2012] 215 $a1 online resource (39 pages) $ccolor illustrations 225 1 $aGeneral technical report RMRS ;$vGTR-266 300 $aTitle from title screen (viewed on June 1, 2012). 300 $a"January 2012." 320 $aIncludes bibliographical references (pages 38-39). 606 $aWinds$xSpeed$xMeasurement$xMathematical models 606 $aWildfires 606 $aWildfires$2fast 606 $aWinds$xSpeed$xMeasurement$xMathematical models$2fast 615 0$aWinds$xSpeed$xMeasurement$xMathematical models. 615 0$aWildfires. 615 7$aWildfires. 615 7$aWinds$xSpeed$xMeasurement$xMathematical models. 700 $aAndrews$b Patricia L$0440565 801 0$bGPO 801 1$bGPO 801 2$bOCLCF 801 2$bGPO 906 $aBOOK 912 $a9910701368603321 996 $aModeling wind adjustment factor and midflame wind speed for Rothermel's surface fire spread model$93499068 997 $aUNINA